| 000 | 00470cam a22002052a 4500 | ||
|---|---|---|---|
| 001 | 001715 | ||
| 003 | AR-FADEU | ||
| 008 | 311216n1990####xxu####################dd | ||
| 020 | _a968-23-1615-4 | ||
| 092 |
_a149.94 _bW831 |
||
| 100 | _aKenny, Anthony | ||
| 245 | _aEl legado de Wittgenstein | ||
| 260 | _aMéxico | ||
| 260 | _bSiglo Veintiuno | ||
| 260 | _c1990 | ||
| 300 | _a220 p | ||
| 440 | _aFilosofía | ||
| 650 | _aFILOSOFIA-WITTGENSTEIN | ||
| 942 | _cBDGR | ||
| 999 |
_c7553 _d7553 |
||